Регионална библиотека "Любен Каравелов" - Русе

Konzert (Запис номер 316204)

MARC детайли
000 -Лидер
Контролно поле с фиксирана дължина 01074ncm a2200349 c 4500
003 - Код на организацията, давaща контролен номер
Контролно поле BLK
005 - Дата и час на последна редакция
Контролно поле 20250128005537.0
008 - Елементи от данни с фиксирана дължина
fixed length control field 180414b bul |a|er|||| |0| c|bulo|
010 ## - Наследен системен номер
LC control number NOT00003159000
040 ## - Източник на каталожния запис
Идентификатор на билиотеката - собственик на записа BLK
041 ## - Код за език
Код за езика на текст/звукозапис или на отделно заглавие Немски
Код за езика КДБФ Немски
080 ## - УДК
Текстов определител УДК Музика за пиано
УДК код - определител по УДК 786.2
УДК определител
УДК - код + определител 786.2
100 1# - Редна дума - Автор
Автор Шуман, Роберт
Авторска отговорност първи автор
R(LIN) 376591
139 ## - Редно поле
Редна дума Шуман, Роберт
Авторски знак Шум - Ш 97
245 10 - Сведения за заглавието
Заглавие Konzert
Подзаглавни данни Fur Klavier zu zwei Handen
Редно поле (дума) Роберт Шуман; * Robert Schumann; ausg. Emil von Sauer.
Версия Op.54
254 ## - Сведения за формата на нотното издание
Формат на описваните ноти Клавир
257 ## - Страна на издаване
Страна на създаване/издаване Германия
260 ## - Област на издателските данни
-- Leipzig
Име на издателя, разпространителя и проч. Peters 2328
Година на издаване S. a.
300 ## - Физическа характеристика
Страници 48 с.
Размери/Мащаб 30 см
380 ## - Жанр
Жанр Изкуство
650 #0 - Допълнително описание по предмет – тема
Основно описание – тема или топоним Пиано - концерти
9 (RLIN) 283545
653 ## - Ключова дума – ненормативна
Ключова дума пиано
653 ## - Ключова дума – ненормативна
Ключова дума концерти
700 ## - Други автори (авторска отговорност)
Лично име Schumann, Robert
9 (RLIN) 387484
700 1# - Други автори (авторска отговорност)
Лично име Sauer, Emil von
Автороска отговорност (Описва отношението между автора и произведението) ausg.
9 (RLIN) 388767
852 ## - Местоположение
Форматна сигнатура Цб М ІІ 2923
Част 0
856 4# - Електронен адрес и достъп
Електронен формат pdf - файл
Път до файла /url/
856 4# - Електронен адрес и достъп
Електронен формат pdf - файл
Път до файла /url/
942 ## - АРТИКУЛИ
Вид на библиотечния материал Нотни издания
Скрит в OPAC Не
944 ## - СЪЗДАВАНЕ И РЕДАКЦИЯ на ЗАПИСА
Създаване/Редакция Създаване
Дата на регистрацията/редакция 25.03.2010
Служител, извършил регистрацията/редакцията
Статус, дата на статуса CRON CRON
944 ## - СЪЗДАВАНЕ И РЕДАКЦИЯ на ЗАПИСА
Създаване/Редакция Редакция
Дата на регистрацията/редакция 25.03.2010
Служител, извършил регистрацията/редакцията
999 ## - СИСТЕМНИ КОНТРОЛНИ НОМЕРА
Koha biblionumber 316204
Koha biblioitemnumber 316204
Наличности
Код за отписване Код за изгубен артикул Източник на класификационната схема Код за повреда Коз за рестрикции Код за отдаване Артикулен № Име на библиотеката - собственик Име на библиотеката, в която се намира в момента Статус (Текущо местоположение) Дата на вписване в системата Местоположение - отдел Цена в лева Инвентарен номер Систематично азбучна сигнатура Баркод Номер на екземпляра Цена в евро Служебна бележка Служебен тип на артикула
  Не е изгубен Universal Decimal Classification Не е повреден без рестрикции ползва се в читалня 669054 Регионална библиотека "Любен Каравелов" Русе Регионална библиотека "Любен Каравелов" Русе Хранилище 1964-01-01 Основен фонд - ползва се само за читалня 0.60 6809/64 Цб М ІІ 2923 900000006491 1 0.31 N: стар фонд Дата: 01.01.1964 Бележки инв: Ирена_Линк Съставил: Ирена_Линкова Нотни издания
  Не е изгубен Universal Decimal Classification Не е повреден без рестрикции заемане за дома 669055 Регионална библиотека "Любен Каравелов" Русе Регионална библиотека "Любен Каравелов" Русе Отдел Изкуство - подръчен фонд 1963-01-01 Отдел Изкуство - подръчен фонд 0.44 9001/63 786.2/Ш 97 Р 900000001481 2 0.22 N: стар фонд Дата: 01.01.1963 Бележки инв: Ирена_Линк Съставил: Ирена_Линкова Нотни издания
Vip Innovations Ltd, Rousse, Bulgaria 2025